Andrews' diseases of the skin : (Record no. 2360)
[ view plain ]
| 000 -LEADER | |
|---|---|
| fixed length control field | 01663cam a22003017i 4500 |
| 008 - FIXED-LENGTH DATA ELEMENTS--GENERAL INFORMATION | |
| fixed length control field | 230403t20232023ne a 001 0 eng d |
| 020 ## - INTERNATIONAL STANDARD BOOK NUMBER | |
| ISBN | 9780323790130 |
| 020 ## - INTERNATIONAL STANDARD BOOK NUMBER | |
| ISBN | 0323790135 |
| 100 1# - MAIN ENTRY--AUTHOR | |
| Author | Micheletti, Robert G., |
| 245 10 - TITLE STATEMENT | |
| Title | Andrews' diseases of the skin : |
| Remainder of title | clinical atlas / |
| Statement of responsibility, etc | Robert G. Micheletti, MD, Associate Professor of Dermatology and Medicine, Chief of Hospital Dermatology, Chief of Dermatology at Pennsylvania Hospital, Perelman School of Medicine at University of Pennsylvania, Philadelphia, Pennsylvania, USA, William D. James, MD, Paul R. Gross Professor of Dermatology, Department of Dermatology, Perelman School of Medicine at the University of Pennsylvania, Philadelphia, Pennsylvania, USA, Dirk M. Elston, MD, Professor and Chairman, Department of Dermatology and Dermatologic Surgery, Medical University of South Carolina, Charleston, South Carolina, USA, Patrick J. McMahon, MD, Assistant Professor of Pediatrics and Dermatology, Children's Hospital of Philadelphia and University of Pennsylvania School of Medicine, Philadelphia, Pennsylvania, USA. |
| 250 ## - EDITION STATEMENT | |
| Edition statement | Second edition. |
| 260 ## - PUBLICATION, DISTRIBUTION, ETC. (IMPRINT) | |
| Place of publication | Missouri |
| Name of publisher | Elsevier |
| Date of publication | 2023 |
| 300 ## - COLLATION | |
| Pagination | vii, 607 pages : |
| Other physical details | chiefly color illustrations ; |
| 650 #0 - TRACINGS | |
| Main Subject | Skin |
| Subdivision (2nd) | Diseases |
| Subdivision (1st) | Atlases. |
| 650 #0 - TRACINGS | |
| Main Subject | Dermatology |
| Subdivision (1st) | Atlases. |
| 650 #2 - TRACINGS | |
| Main Subject | Skin Diseases |
| Subdivision (2nd) | pathology. |
| 650 #2 - TRACINGS | |
| Main Subject | Skin Diseases. |
| 650 #2 - TRACINGS | |
| Main Subject | Skin Manifestations. |
| 650 #6 - TRACINGS | |
| Main Subject | Peau |
| Subdivision (2nd) | Maladies |
| Subdivision (1st) | Atlas. |
| 650 #7 - TRACINGS | |
| Main Subject | Dermatology. |
| 650 #7 - TRACINGS | |
| Main Subject | Skin |
| Subdivision (2nd) | Diseases. |
| 700 1# - ADDITIONAL AUTHOR | |
| Additional Author | James, William D. |
| 700 1# - ADDITIONAL AUTHOR | |
| Additional Author | Elston, Dirk M., |
| 700 1# - ADDITIONAL AUTHOR | |
| Additional Author | McMahon, Patrick J. |
| 942 ## - ADDED ENTRY ELEMENTS (KOHA) | |
| Item type | Books |
| 050 00 - LIBRARY OF CONGRESS CALL NUMBER | |
| Classification number | RL71 |
| Item number | .A52 2023 |
| 082 04 - DEWEY DECIMAL CLASSIFICATION NUMBER | |
| Classification number | 616.5 |
No items available.